000 00545nam a2200133 a 4500
001 000033988
005 20200930070700.0
008 110919s1871 xxu 001 0 spa d
040 _aDO-SdBNP
_bspa
_cBNPHU
245 0 0 _aReport of the commission of inquiry to Santo Domingo. :
_bwith the introductory massage of the president, special reports made to the commission, state papers furnishied by the of over seventy witnesses.
260 _aWashington, :
_bGoverment printing office,
_c1871.
300 _a297 p. ;
_c23 cm.
500 _aIncluye índice
999 _c33479
_d33479